Piaty ročník Súťaže spoločnosti Baumit Fasáda roka 2008 -pohľadom profesora Jána Bahnu

Bibliographic Details
Main Author: Bahna, Ján Miloslav, 1944-2024 (Author)
Format: Article
Language:Slovak
PhysicalDescription:Fotogr.
ISSN:1336-0052
Subjects:

MARC

LEADER 00000nab a2200000 ar4500
001 vtls009951858
003 SK-MaSNL
005 20260304020704.0
008 090921c2009 xo |||||||||||000 b|slo
015 |a SNBRB2009/09  |2 snkbucl 
038 |a SNKBUCL 
040 |a SNKBUCL  |b slo  |c SNKBUCL  |e AACR2 
041 0 |a slo 
044 |a xo  |c SK 
080 |a 692.23:72.012.6:06.063  |2 2001 
080 |a 72.012.6:06.063  |2 2001 
245 0 0 |a Piaty ročník Súťaže spoločnosti Baumit Fasáda roka 2008  |b -pohľadom profesora Jána Bahnu 
300 |b Fotogr. 
611 2 7 |a Baumit Fasáda roka  |n (5. :  |d 2008 :  |c Bratislava, Slovensko)  |2 snkbucl  |9 1035143 
650 0 7 |a fasády  |2 snkbucl  |9 26054 
655 7 |a rozhovory  |2 snkbucl  |9 31831 
700 1 |a Bahna, Ján Miloslav,  |d 1944-2024  |4 aut  |4 ive  |9 242903 
773 0 |t Stavebná revue In Energo Eco  |g Roč. 4, č. 4-6 (2009), s. 18  |x 1336-0052 
852 |a SNK  |b KIS3GCP 
958 |a SK 
999 |c 2600477  |d 2602407